ÇOCUK EĞİTİMİNDE YÜZ MUCİZE ÇÖZÜM (Kayıt no. 922376)

MARC ayrıntıları
000 -LEADER
sabit uzunluktaki kontrol alanı 00272nam a2200097Ia 4500
001 - KONTROL NUMARASI
kontrol alanı 922376
005 - EN SON İŞLEMİN TARİH VE ZAMANI
kontrol alanı 20250826191443.0
008 - SABİT-UZUNLUKTA VERİ ÖĞELERİ--GENEL BİLGİ
sabit uzunluktaki kontrol alanı 250824s9999 xx 000 0 und d
245 #0 - ESER / YAZAR
ESER ADI ÇOCUK EĞİTİMİNDE YÜZ MUCİZE ÇÖZÜM
Yazar Adı HATİCE KÜBRA TONGAR
260 ## - YAYIN, DAĞITIM, VB.
YAYIN EVİ HAYY YAYINLARI
Mevcut
Düşüm durumu Kayıp durumu Hasar Durumu Ödünç verilmez Ana kütüphane Geçerli Kütüphane Edinilen tarih Toplam ödünç verme sayısı Barkod Son görüntüleme tarihi Fiyatın geçerli olmaya başladığı tarih Koha materyal türü
        ERBİL KORU ANADOLU LİSESİ ERBİL KORU ANADOLU LİSESİ 24.08.2025   10461722 26.08.2025 26.08.2025 Kitaplar
Gemini Bilgi Teknolojileri A.Ş. tarafından düzenlenmiştir.